[Event "Privolzhskogo FO-ch (Women)"]
[Site "Izhevsk"]
[Date "2009.01.04"]
[Round "1"]
[White "Sedova, Evgenia"]
[Black "Shaydullina, Sandugach"]
[Result "0-1"]
[WhiteElo "1872"]
[BlackElo "2232"]
[PlyCount "100"]
[EventDate "2009.01.04"]
[EventType "swiss"]
[EventRounds "9"]
[EventCountry "RUS"]
[SourceTitle "EXT 2010"]
[Source "ChessBase"]
[SourceDate "2010.11.25"]
[SourceVersion "1"]
[SourceVersionDate "2010.11.25"]
[SourceQuality "1"]

1. d4 d5 2. Nf3 Nf6 3. c4 c6 4. Nc3 e6 5. Bg5 h6 6. Bh4 dxc4 7. e3 b5 8. a4 Bb4 9. Ne5 g5 10. Bg3 h5 11. axb5 h4 12. Nxf7 Kxf7 13. Bxb8 Rxb8 14. Rxa7+ Rb7 15. Rxb7+ Bxb7 16. bxc6 Bxc6 17. f3 Nd5 18. Qc1 Qa5 19. Bxc4 Nxc3 20. bxc3 Bxc3+ 21. Kf2 Rb8 22. Rf1 Rb2+ 23. Kg1 Qb4 24. Bd3 h3 25. Rf2 Rxf2 26. Kxf2 hxg2 27. Kxg2 g4 28. e4 gxf3+ 29. Kxf3 Qxd4 30. Qf4+ Qf6 31. Qxf6+ Kxf6 32. h4 Bd2 33. Ke2 Bh6 34. Kf3 Ke5 35. Bc2 Be8 36. Bb3 Bh5+ 37. Kf2 Bg6 38. Kf3 Bxe4+ 39. Ke2 Bd5 40. Bc2 Kd4 41. h5 Be4 42. Bb3 e5 43. Be6 Bd3+ 44. Kf3 e4+ 45. Kg3 Bd2 46. Bg4 Ke5 47. Kh4 Kf6 48. Bd1 e3 49. Kg4 e2 50. Bxe2 Bxe2+ 0-1

[Event "PriFR-ch U18 Girls"]
[Site "Penza"]
[Date "2008.11.10"]
[Round "8"]
[White "Marizina, Yulia"]
[Black "Sedova, Evgenia"]
[Result "0-1"]
[WhiteElo "1722"]
[BlackElo "1896"]
[PlyCount "47"]
[EventDate "2008.11.03"]
[EventType "swiss"]
[EventRounds "9"]
[EventCountry "RUS"]
[SourceTitle "EXT 2022"]
[Source "ChessBase"]
[SourceDate "2021.10.06"]
[SourceVersion "1"]
[SourceVersionDate "2021.10.06"]
[SourceQuality "1"]

1. a3 d5 2. e3 Nf6 3. d4 a6 4. c4 c6 5. c5 e5 6. Nf3 exd4 7. exd4 Bg4 8. Be2 g6 9. 0-0 Bg7 10. Ne5 Bxe2 11. Qxe2 0-0 12. Ng4 Nbd7 13. Nh6+ Kh8 14. Re1 Ng8 15. Nxg8 Kxg8 16. Be3 Re8 17. Nc3 Bxd4 18. Qd2 Bxc5 19. Bxc5 Nxc5 20. Rxe8+ Qxe8 21. Re1 Qd7 22. b4 Ne6 23. Ne4 Qd8 24. Rd1 0-1